Every Tom Hanks Movie Title Word Quiz Stats

 Plays Quiz not verified by Sporcle

Challenge
Share
Tweet
Embed
Score 0/98 Timer 07:00
0 Plays Today
Words % Correct
A
98.5%
The
97.1%
You've
92.7%
You're
92.5%
You
92.5%
In
92%
To
90.2%
Big
88.6%
Forrest
88.6%
Gump
88.6%
Cast
88.1%
And
87.6%
Sleepless
86.6%
Away
86.6%
Seattle
85.8%
Philadelphia
85.7%
Saving
85.2%
Private
84.7%
Ryan
84.7%
Got
84.5%
Mail
84.2%
Story
79.3%
Toy
77.2%
Of
74.2%
2
72.4%
Me
72%
If
71.1%
3
70.3%
Hooch
69.1%
Can
68.9%
Turner
68.8%
Volcano
66.9%
Joe
66.8%
Words % Correct
Apollo
66.6%
13
65.9%
Splash
65.4%
Versus
65.2%
Do
63.7%
Catch
63.7%
Da
63.5%
Terminal
62.9%
Road
62.2%
That
61.3%
Perdition
61%
Thing
59.1%
Code
58.8%
Vinci
58.5%
Polar
58%
Express
58%
Green
57.1%
Mile
57%
War
56.9%
Captain
56.6%
Charlie
56.2%
Wilson's
54.9%
Angels
54.7%
Demons
54.3%
Their
54.2%
Party
53.2%
Phillips
52.6%
League
52.4%
Bachelor
52%
Own
51.9%
Money
51.2%
Pit
50.6%
One
47.9%
Words % Correct
Man
45%
With
44.9%
Larry
44.7%
Crowne
43.7%
Close
43.2%
Loud
43.1%
'Burbs
41.6%
Extremely
41.4%
Incredibly
41.4%
Ladykillers
41.3%
Red
40.8%
Shoe
38.5%
Dragnet
34.7%
We
32.6%
Bonfire
32%
Vanities
31.9%
Cloud
31.9%
Atlas
31.8%
He
30.5%
Punchline
26.8%
Volunteers
23.5%
Nothing
21%
Every
19%
Common
18.8%
Time
17%
Great
15%
Say
14.5%
Knows
13.6%
Goodbye
12.7%
Alone
12.6%
Buck
11.2%
Howard
11.1%

You're not logged in!

Compare scores with friends on all Sporcle quizzes.
Join for Free
OR
Log In

You Might Also Like...

Show Comments

Extras

Created Oct 18, 2013ReportNominate
Tags:Movie Titles Quiz, Tom Hanks

Top Quizzes Today


Score Distribution

Your Account Isn't Verified!

In order to create a playlist on Sporcle, you need to verify the email address you used during registration. Go to your Sporcle Settings to finish the process.

Report this User

Report this user for behavior that violates our Community Guidelines.

Details: